|
|
|
|
| LEADER |
00000nas a2200000 a 4500 |
| 001 |
ssj0012388 |
| 003 |
WaSeSS |
| 005 |
20200512172242.0 |
| 006 |
m d |
| 007 |
cr n |
| 008 |
970902d19972002nyuwr p s 0 a0eng c |
| 010 |
|
|
|a sn 97047319
|
| 016 |
7 |
|
|a 018933327
|2 DE-101
|
| 016 |
7 |
|
|a 1398318-0
|2 DE-600
|
| 016 |
7 |
|
|a 100910578
|2 DNLM
|
| 022 |
|
|
|l 1096-9969
|y 1096-9969
|
| 032 |
|
|
|a 710410
|b USPS
|
| 035 |
|
|
|a (WaSeSS)ssj0012388
|
| 040 |
|
|
|a DBI
|b eng
|c DBI
|d OLA
|d WAU
|d NSD
|d DLC
|d OCL
|d GUA
|d NLM
|d NSD
|d MUQ
|d OCLCQ
|d GBVCP
|d OCLCF
|d OCLCO
|d AGL
|d OCLCQ
|d WaSeSS
|
| 042 |
|
|
|a pcc
|a nsdp
|
| 050 |
1 |
4 |
|a TK5105.875.I57
|b I587
|
| 070 |
0 |
|
|a TK5105.875.I57
|b I584
|
| 082 |
1 |
0 |
|a 384
|2 12
|
| 210 |
0 |
|
|a InternetWeek
|b (Manhasset N.Y.)
|
| 222 |
|
0 |
|a InternetWeek
|b (Manhasset, N.Y.)
|
| 245 |
0 |
0 |
|a InternetWeek
|h [electronic resource].
|
| 246 |
3 |
|
|a Internet week
|
| 260 |
|
|
|a Manhasset, NY :
|b CMP Media Inc.,
|c ©1997-©2002.
|
| 310 |
|
|
|a Weekly
|
| 362 |
0 |
|
|a No. 679 (Sept. 1, 1997)-no. 890 (Jan. 7, 2002).
|
| 500 |
|
|
|a Title from caption.
|
| 506 |
|
|
|a License restrictions may limit access.
|
| 650 |
|
0 |
|a Internet
|v Periodicals.
|
| 650 |
|
6 |
|a Internet
|v Périodiques.
|
| 650 |
|
7 |
|a Internet.
|2 fast
|0 (OCoLC)fst00977184
|
| 655 |
|
0 |
|a Electronic journals.
|
| 770 |
0 |
|
|t Telepath (Manhasset N.Y.)
|x 1097-5683
|w (DLC)sn 98005919
|
| 776 |
1 |
|
|c Microfilm
|d Library of Congress Preservation Microfilming Program
|w (DLC)sf 98094563
|
| 780 |
0 |
0 |
|t CommunicationsWeek (Manhasset, N.Y.)
|x 0746-8121
|w (DLC)sn 84007686
|w (OCoLC)10304255
|
| 850 |
|
|
|a WaU
|
| 856 |
4 |
0 |
|z Full text available from Research Library: 09/01/1997 to 01/07/2002
|u https://search.proquest.com/publication/29877
|